|
|
|
|
| LEADER |
00000nab a2200000 a 4500 |
| 001 |
vtls010255089 |
| 003 |
SK-MaSNL |
| 005 |
20260304155704.0 |
| 008 |
25050702c2007 xo o e slol |
| 035 |
|
|
|a SVKKK000085132
|
| 035 |
|
|
|a urn:nbn:sk:snk-abc6o3
|
| 035 |
|
|
|a (urnnbn)urn:nbn:sk:snk:ar-004i69
|
| 035 |
|
|
|a (uuid)b206a0f7-23fc-4cbd-bcfd-a5641602f63a
|
| 038 |
|
|
|a SVKKK
|
| 040 |
|
|
|a SNKBUCL
|b slo
|c SNKBUCL
|e AACR2
|
| 041 |
0 |
|
|a slo
|
| 044 |
|
|
|a xo
|c SK
|
| 080 |
|
|
|a 332.1:504.6(083.9)
|2 1997
|
| 245 |
0 |
0 |
|a Európsky dohovor o krajine :
|b ETS 176 - Európsky dohovor o krajine, Florencia, 20.10.2000
|
| 630 |
0 |
7 |
|a Európsky dohovor o krajine
|z Florencia, Taliansko
|2 snkbucl
|9 1481615
|
| 773 |
0 |
|
|t Enviromagazín
|g Roč. 12, č. 1 (2007)
|g S. 8-9
|x 1335-1877
|
| 773 |
0 |
|
|t [Príl.] Prílohy k článkom
|g Roč. 12, č. 1 (2007)
|g S. 8-9
|x 1335-1877
|
| 850 |
|
|
|a Slovenská národná knižnica
|
| 852 |
|
|
|a Slovenská národná knižnica
|
| 954 |
|
|
|a odborná, vedecká literatúra pôvodná (slovenská)
|2 lita
|
| 958 |
|
|
|a article15
|
| 958 |
|
|
|a OND
|
| 958 |
|
|
|a EUIPO
|
| 999 |
|
|
|c 2963821
|d 2965751
|